00722 a2200205 4500010001400000020002300014035001300037037001800050082001100068090001500079100001900094245006200113246004200175260003900217270006100256300002300317942002600340999001500366952013500381 aENG-85267 c300.00a817056381X aEN-68800 bD.B.Act / Pub14a808.88 c1928d19281 aVarma, Ravi S.1 aComposition and Communication gleaningscby Ravi S. Varma aComposition & Communication gleanings aJaipurbPanchsheel Prakashanc2006 aFilm ColonybJaipurcRajasthane302003k2315072l5113854 a221 pc22 cm. (Hb) adplcENk808.88 / VAR c1896d1896 00102ddc40718NFICaDBADbDBADeDBAD/PUBg300.00l0o808.88 VARpEN-68800r2008-09-15 00:00:00t1u2005v300.00w2008-09-15yEN